Movies Quiz

Random Movies or Actress Quiz

5-Star Actresses IV Quiz Stats

 Plays Quiz Updated Mar 19, 2015

Also try: 5-Star Actresses
Challenge
Share
Tweet
Embed
Score 0/60 Timer 08:00
3 Plays Today
% Correct
Bad Teacher
90.4%
There's Something About Mary
90.1%
50 First Dates
89.9%
The Devil Wears Prada
89.2%
Les Misérables
88.1%
E.T the Extra-Terrestrial
83.4%
When Harry Met Sally
82.9%
You've Got Mail
82.3%
Sleepless in Seattle
80.1%
Shrek
79.2%
Never Been Kissed
78.9%
Spider-Man
78.4%
Black Swan
77.6%
Chicago
77.2%
Friends With Benefits
74.1%
Mrs. Doubtfire
70.9%
Fargo
70.7%
Forrest Gump
69.1%
Ted
67.9%
The Dark Knight Rises
67.4%
King Kong
66.8%
Riding in Cars with Boys
65.3%
Marie Antoinette
63.6%
Gangs of New York
62.3%
Love & Other Drugs
61.8%
Natural Born Killers
61.6%
Scream
60.4%
Boogie Nights
58%
Entrapment
56.9%
Lincoln
56.2%
% Correct
Norma Rae
56.2%
Smokey and the Bandit
54.1%
City of Angels
53.9%
Elizabethtown
53.2%
Jupiter Ascending
51.6%
The Virgin Suicides
51.6%
The Ring
51.2%
Mulholland Drive
50.6%
Burn After Reading
50.2%
The Terminal
49.7%
Intolerable Cruelty
49.3%
The Big Lebowski
49.3%
Becoming Jane
48.3%
Crazy, Stupid, Love.
47.7%
Being John Malkovich
46.6%
What's Eating Gilbert Grape
44.8%
Kalifornia
44.1%
Traffic
44.1%
When a Man Loves a Woman
42.9%
Children Of Men
42.6%
From Dusk Till Dawn
40.8%
Almost Famous
40.6%
Melancholia
38.5%
The Book of Eli
37.1%
The Impossible
33.6%
Magnolia
32.1%
Laurel Canyon
24.1%
Wonder Boys
21.2%
J. Edgar
20%
Due Date
18.8%

You're not logged in!

Compare scores with friends on all Sporcle quizzes.
Join for Free
OR
Log In

You Might Also Like...

Show Comments

Extras

Top Quizzes Today


Score Distribution

Your Account Isn't Verified!

In order to create a playlist on Sporcle, you need to verify the email address you used during registration. Go to your Sporcle Settings to finish the process.

Report this User

Report this user for behavior that violates our Community Guidelines.

Details: